000 00296nam a2200121Ia 4500
008 190216s9999||||xx |||||||||||||| ||und||
100 _aSharma .v.s
245 0 _aAdvanced Differential Calculus
260 _bKrishna Prakasan Mandir
_c1997
300 _a242
650 _aMathematics
942 _cBK
999 _c31302
_d31302